|
|
|
|
| LEADER |
00725nam a2200253Ia 4500 |
| 008 |
141004s9999 xx 000 0 und d |
| 020 |
|
|
|a 3 540 50300 5
|
| 040 |
|
|
|c a
|
| 041 |
|
|
|a English
|
| 082 |
|
|
|a 674.8
|
| 082 |
|
|
|b ROW/NA
|
| 100 |
|
|
|a John W Rowe
|
| 245 |
|
|
|a Natural products of woody plants 11
|
| 245 |
|
|
|c John W Rowe
|
| 260 |
|
|
|a New York
|
| 260 |
|
|
|b Springer
|
| 260 |
|
|
|c 1989
|
| 300 |
|
|
|a 1243 p.
|
| 300 |
|
|
|b 24.5 cm
|
| 501 |
|
|
|a COF
|
| 650 |
|
|
|a Natural products
|
| 942 |
|
|
|c BK
|
| 999 |
|
|
|c 171978
|d 171978
|
| 952 |
|
|
|0 0
|1 0
|4 0
|6 674_800000000000000_ROW_NA
|7 0
|9 177171
|a KAUCOF
|b KAUCOF
|o 674.8 ROW/NA
|p KAU_COF-2083
|r 2014-10-04
|w 2014-10-04
|y BK
|